000 00329nam a2200133Ia 4500
005 20251222151317.0
008 251222s9999||||xx |||||||||||||| ||spa||
020 _a9789589446676
082 _a616.025/C89
100 _aCristancho Gómez, William
245 0 _aFisioterapia en la UCI:
264 _bManual Moderno
942 _cLIB
999 _c23564
_d23564